000 00452nam a2200193Ia 4500
001 12631
003 GE_BSU
008 181216s||||||||xx |||||||||||||| ||und||
040 _cGE_BSU
080 _a635.21
100 _aЛорх,Л.
245 _aКартофель
260 _aМосква
260 _bМосковский рабочий
260 _c1955
300 _a154стр.илл.22см.
653 _aКартофель
942 _cBK
999 _c45803
_d45803